ბათუმის შოთა რუსთაველის სახელმწიფო უნივერსიტეტის ბიბლიოთეკა

Précis de psycholinguistique / (ბიბ.ჩანაწერი № 58679)

000 -LEADER
fixed length control field 01027cam a2200301 a 4500
001 - CONTROL NUMBER
control field 1057072
005 - DATE AND TIME OF LATEST TRANSACTION
control field 20220627140818.0
008 - FIXED-LENGTH DATA ELEMENTS--GENERAL INFORMATION
fixed length control field 930723s1989 fr a b 001 0 fre d
010 ## - LIBRARY OF CONGRESS CONTROL NUMBER
LC control number 90113295
020 ## - INTERNATIONAL STANDARD BOOK NUMBER
International Standard Book Number 9782130564997
035 ## - SYSTEM CONTROL NUMBER
System control number (OCoLC)21161547
040 ## - CATALOGING SOURCE
Original cataloging agency FrLiU-S
Transcribing agency FrLiU-S
Modifying agency IU
-- DGU
-- DLC
042 ## - AUTHENTICATION CODE
Authentication code lccopycat
050 04 - LIBRARY OF CONGRESS CALL NUMBER
Classification number P37
Item number .C37 1989
082 04 - DEWEY DECIMAL CLASSIFICATION NUMBER
Edition number 81(44) C-25
100 1# - MAIN ENTRY--PERSONAL NAME
Personal name Caron, Jean,
Dates associated with a name 1929-
9 (RLIN) 14236
245 10 - TITLE STATEMENT
Title Précis de psycholinguistique /
Statement of responsibility, etc. Jean Caron.
250 ## - EDITION STATEMENT
Edition statement 1re éd.
260 ## - PUBLICATION, DISTRIBUTION, ETC.
Place of publication, distribution, etc. Paris :
Name of publisher, distributor, etc. Presses universitaires de France,
Date of publication, distribution, etc. c1989.
300 ## - PHYSICAL DESCRIPTION
Extent 259 p. :
Other physical details ill. ;
Dimensions 21 cm.
440 #2 - SERIES STATEMENT/ADDED ENTRY--TITLE
Title Le Psychologue ;
Volume/sequential designation 102
9 (RLIN) 14237
504 ## - BIBLIOGRAPHY, ETC. NOTE
Bibliography, etc. note Includes bibliographical references (p. [231]-250) and indexes.
650 #0 - SUBJECT ADDED ENTRY--TOPICAL TERM
Topical term or geographic name entry element Psycholinguistics.
9 (RLIN) 9639
650 #0 - SUBJECT ADDED ENTRY--TOPICAL TERM
Topical term or geographic name entry element ფსიქოლინგვისტიკის რეზიუმე
9 (RLIN) 14238
906 ## - LOCAL DATA ELEMENT F, LDF (RLIN)
a 7
b cbc
c copycat
d 4
e ncip
f 19
g y-gencatlg
942 ## - ADDED ENTRY ELEMENTS (KOHA)
Source of classification or shelving scheme
Koha item type წიგნი
ეგზემპლარები
Withdrawn status Lost status Source of classification or shelving scheme Damaged status Not for loan Permanent Location Current Location Shelving location Date acquired Cost, normal purchase price Full call number Barcode Date last seen Copy number Price effective from Koha item type Public note
          ბათუმის შოთა რუსთაველის სახელმწიფო უნივერსიტეტის მთავარი ბიბლიოთეკა ბათუმის შოთა რუსთაველის სახელმწიფო უნივერსიტეტის მთავარი ბიბლიოთეკა წიგნსაცავი 2022-06-27 7.00 81(44) C-25 1444 2022-06-27 1444 2022-06-27 წიგნი 7.00